000 00220nam a2200097Ia 4500
008 240331s9999 xx 000 0 und d
082 _a294.3
_bWIC
100 _aWickramasinghe, M
245 0 _aBuddhism and culture
942 _cL
999 _c926
_d926